00434cam a2200157ua 45000010005000000080039000050400009000440820011000531000018000642450065000822500009001472600033001563000024001896530014002136530049002271691110715n ii |||gr||||Z||||||eng cMAIN a339.32 aBorah, K. C.,1 aIncome expenditure and saving in rural indiacby K. C. Borah a1st. aDel;hi:bMittal Publication. axviii; 221p:c23cm. aEconomics aincome expenditure and saving in rural india